01201nas a22002057a 450000500170000000700120001700800410002902200140007004000090008408200150009324500770010826000200018530000160020531000140022136500160023550006330025165000480088465500140093285600490094620200515093556.0cz aa aaaaa200428c q||poo|||| 00| 0 eng d a2631-7990 coclc a530bJOU/P a International Journal of Extreme Manufacturinghe-Journal (Open Access) bIOP Publishing, aPDF(online) aQuarterly eOpen Access aThe International Journal of Extreme Manufacturing is a new multidisciplinary journal uniquely covering the areas related to extreme manufacturing. The journal is devoted to publishing original research of the highest quality and impact in the areas related to extreme manufacturing, ranging from fundamentals to process, metrology, conditions, environments, and system integration. The journal is supported by Institute of Machinery Manufacturing Technology, China Academy of Engineering Physics; Dalian University of Technology; Fudan University; and the Research Center of Laser Fusion, China Academy of Engineering Physics. 0aNatural sciences & mathematicsvPhysics 0ae-Journal uhttps://iopscience.iop.org/journal/2631-7990